00941nam a2200217 a 4500008004100000020001500041050001500056100001900071245009300090260005100183300001500234350000900249500009000258650001100348650005200359650006100411700002300472995008800495999001700583952012300600120416s1996 ||||||||||||||||| || u a0309056268 aHB 884 Dat aPebley, Anne R10aData priorities for population and health in developing countries: summary of a workshop aWashington, DC :bNational Academy Pressc1996 avii, 29 p. a0.00 a'Workshop organized by the Committee on Population, National Research Council'--p. 1. aHEALTH aPUBLIC HEALTH--DEVELOPING COUNTRIES--EVALUATION aPUBLIC HEALTH--DEVELOPING COUNTRIES--STATISTICAL METHODS aMalanick, Cheryl E D0.00FCBU-MAIN LIBRARY (Kitwe)H1I14.00M1UAVAILABLEZAnnex Low-Usage Collection  c39406d39406 00102lcc4070a001b001cAnnex Low-Usage Collection d2022-11-30l0oHB 884 Datp023749r2022-11-30w2022-11-30y002